000 02258nam a2200205 a 4500
008 180515e2005 ag ||||e |||| 00| f spa d
020 _a9789501201727
041 _aspa
092 _c808
_l17
_sDOT
100 1 _aDotto, Jorge
_94181
245 _aGenética.
_bCómo puede cambiar nuestras vidas /
_cJorge Dotto
250 _a1a ed.
260 _aBuenos Aires:
_bPaidós;
_c2014.
300 _a416 p.
_c21x13 cm.
500 _aDotto, J. (2014). Genética. Cómo puede cambiar nuestras vidas. (1a ed.). Buenos Aires : Paidós.
505 _a¿Cuál es tu origen étnico?¿Somos todos africanos?¿Qué determina que una persona tenga cabello negro y ondulado, y otra rubio y lacio?¿La infidelidad puede ser genética?¿Cómo hizo Usain Bolt para ser el más rápido del mundo?¿Existe un gen de la felicidad?¿Por qué tengo más arrugas que otras mujeres de mi edad?¿Para qué sirve la epigenética?Los gemelos...¡¿Son clones?! ¿Puedo conocer mis genes con una muestra de saliva?Si tomo café, ¿Voy a atener mejor memoria?¿Los alimentos que consumimos están modificados genéticamente?¿Es cierto que tomar una copa de vino tinto actúa positivamente en el gen de la longevidad?¿Influyen en los genes la meditación? Todas estas cuestiones están relacionadas con los genes, pero no por ello los genes nos determinan. En absoluto. Los seres humanos podemos, en forma voluntaria, modificar aquello que está genéticamente programado en nuestro cuerpo. "Epigenética" significa que factores ambientales como la alimentación, el estrés y ciertos productos tóxicos como el tabaco afectan la expresión de nuestros genes sin alterar el genoma humano.Eso demuestra que estamos predispuestos por los genes heredados de nuestros padres biológicos y por carga genética familiar de nuestros ancestros, pero también que medio ambiente permite que algunos genes se expresen y otros no. En este libro el médico patólogo y genetista Jorge Dotto explica cómo conociendo nuestra composición interna, podemos tomar decisiones diarias que tendrán una influencia positiva en nuestros genes, con el fin de permitirnos vivir más y mejor.
590 _aDONACION DR. Andres Gallardo Mayo 2018
655 _aLiteratura científica
_94182
942 _2ddc
_cLIT
999 _c3148
_d3148